000 01622nam a2200385 a 4500
001 ebr10428123
003 CaPaEBR
006 m u
007 cr cn|||||||||
008 910419s1990 enk sb 001 0 eng d
010 _z 91143454
020 _z0946439923
020 _z9780946439928
020 _z9781849400985 (e-book)
040 _aCaPaEBR
_cCaPaEBR
035 _a(OCoLC)726747157
041 1 _aeng
_hger
050 1 4 _aQP376
_b.F684 1990eb
082 0 4 _a612.8/2
_220
100 1 _aFreud, Sigmund,
_d1856-1939.
245 1 2 _aA moment of transition
_h[electronic resource] :
_btwo neuroscientific articles /
_cby Sigmund Freud ; edited and translated by Mark Solms and Michael Saling.
260 _aLondon :
_bInstitute of Psycho-Analysis ;
_aLondon ;
_aNew York :
_bKarnac Books ;
_aNew York, N.Y. :
_bDistributed in the United States of America by Brunner/Mazel,
_c1990.
300 _axviii, 164 p.
504 _aIncludes bibliographical references (p. 147-155) and index.
505 0 _apt. 1. Introduction -- pt. 2. Translation -- pt. 3. Exposition.
533 _aElectronic reproduction.
_bPalo Alto, Calif. :
_cebrary,
_d2013.
_nAvailable via World Wide Web.
_nAccess may be limited to ebrary affiliated libraries.
650 0 _aBrain.
650 0 _aAphasia.
655 7 _aElectronic books.
_2local
700 1 _aSolms, Mark.
700 1 _aSaling, Michael M.
710 2 _aInstitute of Psycho-analysis (Great Britain)
710 2 _aebrary, Inc.
856 4 0 _uhttp://site.ebrary.com/lib/rucke/Doc?id=10428123
_zAn electronic book accessible through the World Wide Web; click to view
999 _c239500
_d239500